B. Traven (Record no. 9652)

MARC details
000 -CABECERA
campo de control de longitud fija 00835nam a2200265 a 4500
001 - NÚMERO DE CONTROL
campo de control BRL_840
005 - FECHA Y HORA DE LA ÚLTIMA TRANSACCIÓN
campo de control 20190320210923.0
008 - DATOS DE LONGITUD FIJA--INFORMACIÓN GENERAL
campo de control de longitud fija 161013s1985----mx-#######---#000-0#spa-#
020 ## - NÚMERO INTERNACIONAL ESTÁNDAR DEL LIBRO
Número Internacional Estándar del Libro 9681618513
041 ## - CÓDIGO DE LENGUA
Código de lengua del texto/banda sonora o título independiente spa
044 ## - CÓDIGO DEL PAÍS DE LA ENTIDAD EDITORA/PRODUCTORA
Código MARC del país mx
050 #4 - SIGNATURA TOPOGRÁFICA DE LA BIBLIOTECA DEL CONGRESO
Número de clasificación PT3919.T7
Número de documento/Ítem .B73 1985
100 1# - ENTRADA PRINCIPAL--NOMBRE DE PERSONA
Nombre de persona Baumann, Michael L.
9 (RLIN) 25100
245 10 - MENCIÓN DE TÍTULO
Título B. Traven
Resto del título Una introducción
Mención de responsabilidad, etc. Michael L. Baumann ; Traducción de Juán José Utrilla.
260 ## - PUBLICACIÓN, DISTRIBUCIÓN, ETC.
Lugar de publicación, distribución, etc. México, D.F.
Nombre del editor, distribuidor, etc. Fondo de Cultura Económica : SEP Cultura
Fecha de publicación, distribución, etc. 1985
300 ## - DESCRIPCIÓN FÍSICA
Extensión 292 p.
Dimensiones 21 cm.
440 #0 - MENCIÓN DE SERIE/PUNTO DE ACCESO ADICIONAL--TÍTULO
Título Lecturas mexicanas
Designación de volumen o secuencia 70
9 (RLIN) 25101
500 ## - NOTA GENERAL
Nota general Au960
500 ## - NOTA GENERAL
Nota general Incluye índice de nombres y obras citadas
504 ## - NOTA DE BIBLIOGRAFÍA, ETC.
Nota de bibliografía, etc. Bibliografía: p. 266-277
600 14 - PUNTO DE ACCESO ADICIONAL DE MATERIA--NOMBRE DE PERSONA
Nombre de persona Traven, B.
Subdivisión general Crítica e interpretación
9 (RLIN) 25102
700 1# - PUNTO DE ACCESO ADICIONAL--NOMBRE DE PERSONA
Nombre de persona Utrilla, Juán José
Término indicativo de función/relación tr.
9 (RLIN) 920
902 ## - CATALOGADOR
Iniciales GRL
942 ## - ELEMENTOS DE PUNTO DE ACCESO ADICIONAL (KOHA)
Fuente del sistema de clasificación o colocación Library of Congress Classification
Tipo de ítem Koha Libros
Holdings
Estado de retiro Estado de pérdida Estado dañado No para préstamo Localización permanente Ubicación/localización actual Fecha de adquisición Número de inventario Total de préstamos Signatura topográfica completa Código de barras Fecha visto por última vez Precio válido a partir de Tipo de ítem Koha
El ejemplar forma parte de la colección y puede ser consultado según las políticas vigentes.       Biblioteca Centro de Estudios Ruth D. Lechuga Biblioteca Centro de Estudios Ruth D. Lechuga 16/10/2013 Au960   PT3919.T7 .B73 1985 (Au960) GRL00909 22/03/2019 22/03/2019 Libros